[Event "Dortmund Sparkassen op 50th"]
[Site "Dortmund"]
[Date "2023.07.01"]
[Round "8"]
[White "Samunenkov, Igor"]
[Black "Pipiras, Filipa Fortuna"]
[Result "1/2-1/2"]
[WhiteElo "2499"]
[BlackElo "2269"]
[PlyCount "120"]
[EventDate "2023.06.24"]
[EventType "swiss"]
[EventRounds "9"]
[EventCountry "GER"]
[SourceTitle "CBM 215 Extra"]
[Source "ChessBase"]
[SourceDate "2023.09.30"]
[SourceVersion "1"]
[SourceVersionDate "2023.09.30"]
[SourceQuality "1"]

1. d4 d5 2. c4 e6 3. Nc3 Nf6 4. Nf3 Be7 5. Bf4 0-0 6. e3 b6 7. Bd3 dxc4 8. Bxc4 Ba6 9. Bxa6 Nxa6 10. Qe2 Qc8 11. 0-0 c5 12. e4 cxd4 13. Nxd4 Rd8 14. Rfd1 Qb7 15. Bg5 Nb4 16. e5 Nfd5 17. Bxe7 Nxe7 18. Ne4 Ng6 19. Nd6 Qd7 20. N4b5 Nd5 21. g3 a6 22. Nc3 Nxc3 23. bxc3 Qc6 24. Rd4 Qxc3 25. Rad1 Qc5 26. Re4 b5 27. h4 h6 28. Rd3 Rd7 29. h5 Ne7 30. Kg2 Qc6 31. Qf3 Nf5 32. Rc3 Qd5 33. Nxf5 exf5 34. Qxf5 Re8 35. Kh2 Rde7 36. a3 Rxe5 37. Rxe5 Qxe5 38. Qf3 a5 39. Re3 Qb8 40. Rd3 Qc7 41. Rc3 Qb8 42. Rd3 Rd8 43. Rxd8+ Qxd8 44. Qb7 Qe8 45. Qc7 a4 46. Qc5 Qd7 47. Qe5 Qb7 48. Qc5 Qd7 49. Qe5 Qc6 50. Qd4 Qc2 51. Kg2 Qc8 52. Qd6 Qf5 53. Qd1 Qe4+ 54. Kh2 Qe5 55. Qd8+ Kh7 56. Qd3+ f5 57. f4 Qc5 58. Kh3 Kg8 59. Qd8+ Kh7 60. Qd3 Kg8 1/2-1/2

[Event "EU-ch (Women) 22nd"]
[Site "Prague"]
[Date "2022.08.20"]
[Round "1"]
[White "Pipiras, Filipa Fortuna"]
[Black "Mkrtchian, Lilit"]
[Result "0-1"]
[WhiteElo "2135"]
[BlackElo "2362"]
[PlyCount "96"]
[EventDate "2022.08.20"]
[EventType "swiss"]
[EventRounds "11"]
[EventCountry "CZE"]
[SourceTitle "CBM 209 Extra"]
[Source "ChessBase"]
[SourceDate "2022.09.30"]
[SourceVersion "1"]
[SourceVersionDate "2022.09.30"]
[SourceQuality "1"]

1. d4 e6 2. c4 b6 3. Nc3 Bb7 4. e4 Bb4 5. Qc2 Qh4 6. Bd3 Bxc3+ 7. bxc3 f5 8. g3 Qh5 9. f3 fxe4 10. fxe4 d6 11. Ne2 e5 12. 0-0 Nd7 13. Kg2 Ngf6 14. h3 Qg6 15. Kh2 Bxe4 16. Bxe4 Qxe4 17. Qxe4 Nxe4 18. Be3 Rf8 19. Kg2 0-0-0 20. g4 Rde8 21. Rf3 exd4 22. cxd4 Nd2 23. Rxf8 Nxf8 24. Kf2 Nxc4 25. Bf4 Ne6 26. Bc1 d5 27. Rb1 c5 28. Rb3 Nxd4 29. Nxd4 cxd4 30. Rd3 Re4 31. Rf3 Kd7 32. Rf7+ Re7 33. Rf5 Kc6 34. Bg5 Re5 35. Rxe5 Nxe5 36. Ke2 d3+ 37. Kd1 Nf3 38. Be7 Kb5 39. h4 Ne5 40. g5 g6 41. Bd6 Nf3 42. Bg3 Kb4 43. Bd6+ Kc3 44. Be7 Nxh4 45. Bf6+ d4 46. Be7 Nf5 47. Bf6 Ne3+ 48. Ke1 d2+ 0-1

[Event "Olympiad Women-44"]
[Site "Chennai"]
[Date "2022.08.02"]
[Round "5.1"]
[White "Mazariegos, Silvia Carolina"]
[Black "Pipiras, Filipa Fortuna"]
[Result "0-1"]
[WhiteElo "1851"]
[BlackElo "2139"]
[PlyCount "48"]
[EventDate "2022.07.29"]
[EventType "team-swiss"]
[EventRounds "11"]
[EventCountry "IND"]
[SourceTitle "CBM 210"]
[Source "ChessBase"]
[SourceDate "2022.10.31"]
[SourceVersion "1"]
[SourceVersionDate "2022.10.31"]
[SourceQuality "1"]
[WhiteTeam "Guatemala (W)"]
[BlackTeam "Portugal (W)"]
[WhiteTeamCountry "GUA"]
[BlackTeamCountry "POR"]

1. d4 d5 2. Bf4 c5 3. e3 Nc6 4. c3 Nf6 5. h3 Bf5 6. Bd3 e6 7. Bxf5 exf5 8. dxc5 Bxc5 9. Nd2 Ne4 10. Nxe4 fxe4 11. Qg4 0-0 12. Ne2 f5 13. Qg3 Qb6 14. 0-0-0 Qa6 15. Rxd5 Qxa2 16. Rhd1 Na5 17. Rd7 Rf7 18. Bh6 Qa1+ 19. Kc2 Qa4+ 20. Kc1 Rxd7 21. Rxd7 Qxd7 22. b4 Nc4 23. Nd4 Bxd4 24. exd4 a5 0-1

[Event "Olympiad Women-44"]
[Site "Chennai"]
[Date "2022.07.31"]
[Round "3.1"]
[White "Lohani, Sujana"]
[Black "Pipiras, Filipa Fortuna"]
[Result "1-0"]
[WhiteElo "1697"]
[BlackElo "2139"]
[PlyCount "69"]
[EventDate "2022.07.29"]
[EventType "team-swiss"]
[EventRounds "11"]
[EventCountry "IND"]
[SourceTitle "CBM 210"]
[Source "ChessBase"]
[SourceDate "2022.10.31"]
[SourceVersion "1"]
[SourceVersionDate "2022.10.31"]
[SourceQuality "1"]
[WhiteTeam "Nepal (W)"]
[BlackTeam "Portugal (W)"]
[WhiteTeamCountry "NEP"]
[BlackTeamCountry "POR"]

1. d4 d5 2. Nf3 Nf6 3. c4 e6 4. g3 dxc4 5. Qa4+ Nbd7 6. Bg2 c5 7. 0-0 a6 8. Qxc4 b5 9. Qc2 Bb7 10. Rd1 Rc8 11. Qd2 cxd4 12. Nxd4 Bxg2 13. Kxg2 Bc5 14. Nc3 0-0 15. Qg5 Qb6 16. Qh4 Ne5 17. Ne4 Qb7 18. f3 Nxe4 19. Qxe4 Qxe4 20. fxe4 Rfd8 21. e3 Nc6 22. a4 Bxd4 23. exd4 Nxd4 24. axb5 axb5 25. Ra7 f6 26. Rb7 Rc2+ 27. Kh3 h5 28. Be3 g5 29. g4 hxg4+ 30. Kxg4 f5+ 31. Kh5 Rxh2+ 32. Kg6 e5 33. exf5 Rh3 34. Bxd4 exd4 35. Rxd4 1-0

[Event "POR-chT"]
[Site "Ovar"]
[Date "2022.07.20"]
[Round "7.5"]
[White "Pipiras, Filipa Fortuna"]
[Black "Dardha, Daniel"]
[Result "0-1"]
[WhiteElo "2139"]
[BlackElo "2575"]
[PlyCount "60"]
[EventDate "2022.07.16"]
[EventType "team-tourn"]
[EventRounds "9"]
[EventCountry "POR"]
[SourceTitle "CBM 209 Extra"]
[Source "ChessBase"]
[SourceDate "2022.09.30"]
[SourceVersion "1"]
[SourceVersionDate "2022.09.30"]
[SourceQuality "1"]
[WhiteTeam "Porto Colegio Efanor"]
[BlackTeam "EPGaia"]
[WhiteTeamCountry "POR"]
[BlackTeamCountry "POR"]

1. d4 g6 2. Nf3 Bg7 3. g3 c5 4. c3 d5 5. Bg2 Nd7 6. 0-0 Ngf6 7. Nbd2 0-0 8. Re1 b6 9. b3 Bb7 10. Bb2 Qb8 11. c4 cxd4 12. cxd5 Bxd5 13. Nxd4 Bxg2 14. Kxg2 Qb7+ 15. e4 Rfd8 16. Nc4 Nxe4 17. Qf3 Ndc5 18. Rad1 f5 19. h4 Rd7 20. Kg1 Rad8 21. Nc2 Nd3 22. Bxg7 Nxe1 23. Rxe1 Kxg7 24. Qf4 Rd1 25. h5 Rxe1+ 26. Nxe1 Rd1 27. Qe5+ Kf7 28. hxg6+ hxg6 29. Qh8 Rxe1+ 30. Kh2 Nf6 0-1

[Event "POR-chT"]
[Site "Ovar"]
[Date "2022.07.19"]
[Round "5.5"]
[White "Napoli, Nicolo"]
[Black "Pipiras, Filipa Fortuna"]
[Result "1-0"]
[WhiteElo "2260"]
[BlackElo "2139"]
[PlyCount "105"]
[EventDate "2022.07.16"]
[EventType "team-tourn"]
[EventRounds "9"]
[EventCountry "POR"]
[SourceTitle "CBM 209 Extra"]
[Source "ChessBase"]
[SourceDate "2022.09.30"]
[SourceVersion "1"]
[SourceVersionDate "2022.09.30"]
[SourceQuality "1"]
[WhiteTeam "Sao Miguel"]
[BlackTeam "Porto Colegio Efanor"]
[WhiteTeamCountry "POR"]
[BlackTeamCountry "POR"]

1. e4 c5 2. Nf3 e6 3. c3 Nf6 4. e5 Nd5 5. d4 cxd4 6. Qxd4 Nc6 7. Qe4 f5 8. Qe2 b5 9. g3 Qc7 10. Bg2 Be7 11. 0-0 0-0 12. Qxb5 a5 13. Qa4 Nxe5 14. Nxe5 Qxe5 15. c4 Nb6 16. Qb3 Ra6 17. Bf4 Qc5 18. Rc1 a4 19. Qc2 d6 20. Na3 Bd7 21. Qe2 Qc8 22. Nb5 Na8 23. Be3 Qb8 24. Rc2 Rc8 25. Rac1 Nc7 26. Nxc7 Rxc7 27. c5 Bb5 28. Qe1 dxc5 29. Bf4 Kf7 30. Rxc5 Bxc5 31. Rxc5 Rxc5 32. Bxb8 Rc8 33. Bf4 Ra7 34. Qb4 Bc4 35. Bb7 Rd8 36. Qxc4 Rxb7 37. Be5 Rd1+ 38. Kg2 Rd5 39. Bc3 a3 40. bxa3 Rdd7 41. Qh4 Kg8 42. a4 Rbc7 43. Qb4 Rb7 44. Qc4 Kf7 45. a5 Rbc7 46. Qb4 Rb7 47. Qh4 Rd3 48. a6 Rc7 49. Qh5+ Kf8 50. Bb4+ Re7 51. a7 Rd8 52. Qg5 Rde8 53. Qxe7+ 1-0

[Event "POR-ch Rapid"]
[Site "Viseu"]
[Date "2022.06.11"]
[Round "5"]
[White "Silva, Miguel Antonio Neto"]
[Black "Pipiras, Filipa Fortuna"]
[Result "1-0"]
[WhiteElo "2207"]
[BlackElo "2139"]
[PlyCount "89"]
[EventDate "2022.06.10"]
[EventType "swiss (rapid)"]
[EventRounds "8"]
[EventCountry "POR"]
[SourceTitle "CBM 208 Extra"]
[Source "ChessBase"]
[SourceDate "2022.07.31"]
[SourceVersion "1"]
[SourceVersionDate "2022.07.31"]
[SourceQuality "1"]

1. d4 d5 2. Nf3 Nf6 3. c4 e6 4. g3 Be7 5. Bg2 0-0 6. 0-0 dxc4 7. Qc2 a6 8. Qxc4 b5 9. Qc2 Bb7 10. Bd2 Bd6 11. Rc1 Be4 12. Qd1 Qe7 13. Bg5 Nbd7 14. Nbd2 Bb7 15. Nb3 h6 16. Bxf6 Qxf6 17. Nc5 Bxc5 18. dxc5 Bd5 19. Qc2 Rfd8 20. b4 Ne5 21. Nxe5 Bxg2 22. Nxf7 Qxf7 23. Kxg2 Rd4 24. a3 Rad8 25. Rd1 Qd7 26. Rxd4 Qxd4 27. Rc1 a5 28. bxa5 Ra8 29. Qg6 Qd5+ 30. e4 Qa2 31. Rd1 Rf8 32. Rf1 Qxa3 33. Qxe6+ Kh7 34. Qe7 Qf3+ 35. Kg1 Rf7 36. Qe5 c6 37. a6 b4 38. Qe6 b3 39. Qxc6 b2 40. Qb5 Qxe4 41. Qxb2 Qc4 42. Qb1+ Kg8 43. Qb8+ Rf8 44. a7 Qxc5 45. a8Q 1-0

[Event "POR-ch U14/20"]
[Site "Fatima"]
[Date "2022.04.11"]
[Round "2"]
[White "Pipiras, Filipa Fortuna"]
[Black "Fonseca, Pedro Miguel Ramos"]
[Result "1-0"]
[WhiteElo "2000"]
[BlackElo "1788"]
[PlyCount "51"]
[EventDate "2022.04.10"]
[EventType "swiss"]
[EventRounds "9"]
[EventCountry "POR"]
[SourceTitle "EXT 2023"]
[Source "ChessBase"]
[SourceDate "2022.10.05"]
[SourceVersion "1"]
[SourceVersionDate "2022.10.05"]
[SourceQuality "1"]

1. Nf3 Nf6 2. e3 e6 3. b3 b6 4. Bb2 Bb7 5. d4 d5 6. Bd3 Bd6 7. 0-0 0-0 8. c4 dxc4 9. bxc4 c5 10. Nbd2 cxd4 11. exd4 Nbd7 12. a3 Re8 13. Re1 Qc7 14. h3 Rad8 15. Rc1 Bf4 16. Be2 Nc5 17. Rc2 Nfe4 18. dxc5 Nxf2 19. Kxf2 Bg3+ 20. Kg1 Qxc5+ 21. Kh1 Qe3 22. Rf1 Be4 23. Rc3 Qh6 24. Qa4 Bf5 25. Bc1 Bxh3 26. Ne4 1-0

[Event "Figueira da Foz op 15th"]
[Site "Figueira da Foz"]
[Date "2021.11.06"]
[Round "8"]
[White "Pipiras, Filipa Fortuna"]
[Black "Barski, Radoslaw"]
[Result "0-1"]
[WhiteElo "1995"]
[BlackElo "2456"]
[PlyCount "92"]
[EventDate "2021.10.31"]
[EventType "swiss"]
[EventRounds "9"]
[EventCountry "POR"]
[SourceTitle "CBM 205 Extra"]
[Source "ChessBase"]
[SourceDate "2022.01.31"]
[SourceVersion "1"]
[SourceVersionDate "2022.01.31"]
[SourceQuality "1"]

1. d4 Nf6 2. c4 e6 3. Nc3 Bb4 4. e3 0-0 5. Bd3 b6 6. Nge2 Bb7 7. a3 Bxc3+ 8. Nxc3 d5 9. 0-0 Nbd7 10. b4 dxc4 11. Bxc4 Qe7 12. Qc2 c5 13. dxc5 bxc5 14. Na4 cxb4 15. axb4 Rfc8 16. Qb3 Rab8 17. Nc3 Qd6 18. Bb5 Qe5 19. Bb2 Qg5 20. e4 Nxe4 21. Nxe4 Bxe4 22. f3 Bc2 23. Qa3 Qxb5 24. Qxa7 Qxb4 25. Bxg7 Kxg7 26. Qxd7 Rd8 27. Qc7 Qb6+ 28. Qxb6 Rxb6 29. Rac1 Rd2 30. Rf2 Rxf2 31. Kxf2 Rb2 32. Kg3 e5 33. Re1 Kf6 34. Re2 Ke6 35. Kh4 f5 36. Kg5 Ra2 37. Re1 Bd3 38. g4 fxg4 39. Kxg4 Rxh2 40. Kg3 Rd2 41. Ra1 Bf5 42. Ra6+ Rd6 43. Ra8 Rd3 44. Kf2 Kf6 45. Rf8+ Kg5 46. Re8 Kf4 0-1

[Event "Figueira da Foz op 15th"]
[Site "Figueira da Foz"]
[Date "2021.10.31"]
[Round "1"]
[White "Del Rio de Angelis, Salvador Gabriel"]
[Black "Pipiras, Filipa Fortuna"]
[Result "1-0"]
[WhiteElo "2503"]
[BlackElo "1995"]
[PlyCount "91"]
[EventDate "2021.10.31"]
[EventType "swiss"]
[EventRounds "9"]
[EventCountry "POR"]
[SourceTitle "CBM 205 Extra"]
[Source "ChessBase"]
[SourceDate "2022.01.31"]
[SourceVersion "1"]
[SourceVersionDate "2022.01.31"]
[SourceQuality "1"]

1. d4 d5 2. c4 e6 3. cxd5 exd5 4. Nc3 Nf6 5. Bg5 c6 6. e3 Be7 7. Bd3 Nbd7 8. Nge2 0-0 9. 0-0 h6 10. Bh4 Ne4 11. Bxe7 Qxe7 12. Bxe4 dxe4 13. Rc1 Rd8 14. h3 b6 15. Qa4 Bb7 16. Rfd1 c5 17. Qa3 Qg5 18. Ng3 cxd4 19. Ncxe4 Bxe4 20. Nxe4 Qg6 21. Rxd4 Ne5 22. Ng3 Rxd4 23. exd4 Nd3 24. Rc3 Nf4 25. Rf3 Nd5 26. Rf5 Nf6 27. Re5 Qb1+ 28. Kh2 Qc2 29. Qf3 Rd8 30. Nf5 Qxb2 31. Nxh6+ Kf8 32. Nf5 Qd2 33. Re3 Qxa2 34. Qg3 Ne8 35. Qh4 f6 36. Re7 a5 37. Ra7 Qd5 38. Nxg7 Rd7 39. Qh8+ Qg8 40. Ne6+ Kf7 41. Qxg8+ Kxg8 42. Rxd7 a4 43. Rb7 a3 44. Rxb6 a2 45. Ra6 Kf7 46. d5 1-0